000 00509pab a2200169 454500
008 180718b2005 xxu||||| |||| 00| 0 eng d
100 _aSrivastava, Rashmi
245 _aMinority representation of a political majority group: women in Indian democratic process
260 _c2005
300 _ap.233-52.
362 _aApr-Jun
650 _aMinority groups - India
650 _aWomen in politics - India
650 _aWomen in politics
773 _aIndian Journal of Political Science
909 _a65425
999 _c65425
_d65425